Học phần chuyên môn cuối khóa 1 (HSK)/新汉语水平考试模拟试题集 第六级

Đã lưu trong:
Bibliografiske detaljer
Hovedforfatter: 徐昌火
Format: Bog
Sprog:Chinese
Udgivet: 北京语言大学 2010
Fag:
Tags: Tilføj Tag
Ingen Tags, Vær først til at tagge denne postø!
Thư viện lưu trữ: Mạng thư viện Đại học Đà Nẵng
LEADER 01180nam a22003251a 4500
001 000036206
003 12500
005 20160328000000.0
008 160328s2010 000 chi
041 |a chi 
082 |a 495.1  |b HO-C 
100 |a 徐昌火 
245 |a Học phần chuyên môn cuối khóa 1 (HSK)/新汉语水平考试模拟试题集 第六级  |c 徐昌火 
260 |a 北京语言大学  |c 2010 
300 |a 181tr . : mh ; 30cm 
650 |a Học phần chuyên môn cuối khóa 1 (HSK), 新汉语水平考试模拟试题集 第六级, 4152562 
852 |b Chuyên đề  |c Giáo trình 
OWN |a LNN 
AVA |a UDN50  |b LNN  |d 495.1 HO-C  |e available  |t Error 5001 Not defined in file expand_doc_bib_avail.  |f 1  |g 0  |h N  |i 0  |k 1 
999 |a From the UDN01 
AVA |a UDN50  |b LNN  |d 495.1 HO-C  |e available  |t Error 5001 Not defined in file expand_doc_bib_avail.  |f 1  |g 0  |h N  |i 0  |k 1 
TYP |a Monograph 
TYP |a Printed language 
980 |a Mạng thư viện Đại học Đà Nẵng